Former Soviet Union Republics - Sudden Death - Statistics

General Stats
  • This quiz has been taken 109 times
  • The average score is 11 of 15
Answers on the Grid
Answers color-coded by a green-red scale on the quiz's grid according to % correct below.
Afghanistan
Armenia
Azerbaijan
Belarus
Bulgaria
China
Croatia
Cuba
Czech Republic
Estonia
Finland
Georgia
Hungary
Kazakhstan
Kyrgyzstan
Latvia
Lithuania
Moldova
Mongolia
North Korea
Pakistan
Poland
Romania
Russia
Serbia
Slovakia
Slovenia
Tajikistan
Turkey
Turkmenistan
Ukraine
Uzbekistan
 
Answer Stats
Answer % Correct
Azerbaijan
89%
Belarus
88%
Armenia
81%
Estonia
77%
Latvia
76%
Georgia
75%
Uzbekistan
75%
Kazakhstan
73%
Kyrgyzstan
73%
Ukraine
73%
Lithuania
72%
Tajikistan
72%
Turkmenistan
72%
Russia
69%
Moldova
68%
No matching quizzes found
Score Distribution
Percent of People with Each Score
Percentile by Number Answered
Your Score History
You have not taken this quiz